00442nam a22001217a 4500008004100000040005500041080002400096100002400120245010400144260004300248300001500291650001400306230511b |||||||| |||| 00| 0 eng d aNational Science LibrarycNational Science Library a547+678 92:547 bK1 aStaudinger, Hermann aFrom organic chemistry to macromolecules: bA scientific autobiography based on my original papers  aNew York: bWiley-Interscience, c1961 axvi, 303p. aChemistry